The Inscrutable Americans (Record no. 32231)

MARC details
000 -LEADER
fixed length control field 00358nam a2200145Ia 4500
008 - FIXED-LENGTH DATA ELEMENTS--GENERAL INFORMATION
fixed length control field 090122s9999 xx 000 0 und d
082 ## - DEWEY DECIMAL CLASSIFICATION NUMBER
Item number 8154
Classification number 823
100 ## - MAIN ENTRY--PERSONAL NAME
Personal name MATHUR
Numeration ANURAG
245 ## - TITLE STATEMENT
Title The Inscrutable Americans
600 ## - SUBJECT ADDED ENTRY--PERSONAL NAME
Personal name MATHUR
630 ## - SUBJECT ADDED ENTRY--UNIFORM TITLE
Uniform title The Inscrutable Americans
700 ## - ADDED ENTRY--PERSONAL NAME
Personal name MATHUR
730 ## - ADDED ENTRY--UNIFORM TITLE
Uniform title The Inscrutable Americans
942 ## - ADDED ENTRY ELEMENTS (KOHA)
Koha item type Book
Holdings
Withdrawn status Lost status Damaged status Not for loan Home library Current library Date acquired Total Checkouts Full call number Barcode Date last seen Copy number Price effective from Koha item type
        Dombivali Granthasangrahalaya, Dombivali Dombivali Granthasangrahalaya, Dombivali 01/22/2009   8154 DOM-8154 01/22/2009 1 01/22/2009 Book